[Event "Cairo Egyptian op"]
[Site "Cairo"]
[Date "2016.04.24"]
[Round "3"]
[White "Anwar, Ashraf"]
[Black "Aly Ahmed, Hassan"]
[Result "1-0"]
[WhiteElo "2060"]
[BlackElo "1829"]
[PlyCount "54"]
[EventDate "2016.04.22"]
[EventType "swiss"]
[EventRounds "9"]
[EventCountry "EGY"]
[SourceTitle "CBM 172 Extra"]
[Source "ChessBase"]
[SourceDate "2016.06.21"]
[SourceVersion "1"]
[SourceVersionDate "2016.06.21"]
[SourceQuality "1"]

1. e4 e5 2. Nf3 Nc6 3. d4 exd4 4. Bc4 h6 5. 0-0 d6 6. c3 dxc3 7. Nxc3 Nf6 8. Qb3 Qe7 9. Nd5 Qd8 10. Bd2 Ne5 11. Nxe5 dxe5 12. Ba5 Bd6 13. Nxc7+ Bxc7 14. Bxf7+ Ke7 15. Rad1 Bxa5 16. Rxd8 Bxd8 17. Bc4 Bc7 18. Rc1 Rd8 19. Qg3 g5 20. Bb3 Bd6 21. h4 Nxe4 22. Qe3 Bf5 23. hxg5 hxg5 24. f3 Nf6 25. Qxg5 Rf8 26. Qxf5 Ne8 27. Qe6+ Kd8 1-0